Maine Major & Minor Teams - Statistics

General Stats
  • This quiz has been taken 64 times
    62 since last reset
  • The average score is 3 of 5
Answer Stats
NCAA % Correct
Maine Black Bears
92%
Portland Sea Dogs
85%
Maine Celtics
77%
Maine Mariners
23%
Maine Nordiques
15%
No matching quizzes found
Score Distribution
Percent of People with Each Score
Percentile by Number Answered
Your Score History
You have not taken this quiz since the last reset